00681nam a2200241 a 4500001001300000003000900013005001700022008004100039020000800080082001700088100002000105245003200125260003600157300000900193500003500202505002200237650001700259700002000276902000800296942000700304952011300311999001500424nice12345678IN_TiNIC20260116011815.0050524s1971 luca grp 000 0 urd  ac400a891.41bSAL1 aSalam, Sandelvi aMarasi-E-Anees Mein Jazbati aLucknowbNaseem Book Depoc1971 a223p aincludes index and biblioraphy2 aVarious Documents aMarsiya-Anis1 aSalam, Sandelvi bSRS cBK 001040708StackRoom-aHMIbHMId2007-06-21g4.00l0o891.41 SAL1p06152r2007-06-21v4.00w2005-05-24yBK c4122d4122